000 01114cam a2200265 i 4500
003 SA-RiAUC
005 20260317112653.0
008 260215s1915 ua g 000 0 ara c
040 _aSA-JeALM
_bara
_cSA-RiAUC
_erda
082 0 4 _a258.3
090 _aم ن 258.3
_bن و و
100 1 _aنووي الجاوي، محمد بن عمر بن عربي،
_d1230-1316 هجري
_eمؤلف.
245 1 0 _aبهجة الوسائل بشرح مسائل /
_cتأليف محمد نووي الشافعي القادري.
264 1 _aمكة المكرمة :
_bالمطبعة الميرية.
_c[1896]
300 _a46 صفحة؛
_c29 سم.
336 _aنص
_btxt
_2rdacontent
_3كتاب
337 _aبدون وسيط
_bn
_2rdamedia
338 _aمجلد
_bnc
_2rdacarrier
650 7 _aالفقه الشافعي
_2aucsh
650 7 _aالفقه الإسلامي
_2aucsh
700 0 2 _aأحمد بن زين بن علوي،
_d1069-1145 هجري
740 2 2 _aالرسالة الجامعة بين أصول الدين والفقه والتصوف.
942 _2ddc
_cRBOOK COPY
_n0
949 _aSA-JeALM
_d260215
_umohamedma123
_n1
999 _c14651
_d14651